000 00795nam a22002177a 4500
003 OSt
005 20260316011322.0
008 260316b |||||||| |||| 00| 0 eng d
020 _a0-439-44234-6
040 _aDWCL GS lib
_cOC
082 _2P969s 2004
100 _aPROVOOST, ANNE
245 _aIn the shadow of the ark
_cPROVOOST, ANNE
260 _bArthur A. Levine Books
_c2004
300 _avii, 368
_c24cm.
520 _aIn the Shadow of the Ark by Anne Provoost is a YA/adult crossover historical novel offering a haunting retelling of Noah's flood through the eyes of Re Jana, a skeptical young woman living in the worker camp around the ark.
546 _aEnglish
650 _2Total Obedience
651 _2Critical Thinking on Authority
942 _2ddc
_cFIC.
_hFic.
_n0
999 _c9125
_d9125